The future of heavy crude oils and tar sands : (Record no. 164892)
[ view plain ]
| 000 -LEADER | |
|---|---|
| fixed length control field | 01493nam a2200313 a 4500 |
| 008 - FIXED-LENGTH DATA ELEMENTS--GENERAL INFORMATION | |
| fixed length control field | |
| 020 ## - INTERNATIONAL STANDARD BOOK NUMBER | |
| International Standard Book Number | 070417415 (hbk.) |
| 049 0# - LOCAL HOLDINGS (OCLC) | |
| Holding library | MAIN |
| 090 0# - LOCALLY ASSIGNED LC-TYPE CALL NUMBER (OCLC); LOCAL CALL NUMBER (RLIN) | |
| Classification number (OCLC) (R) ; Classification number, CALL (RLIN) (NR) | TN870 |
| Local cutter number (OCLC) ; Book number/undivided call number, CALL (RLIN) | FUT |
| 003 - CONTROL NUMBER IDENTIFIER | |
| control field | |
| 005 - DATE AND TIME OF LATEST TRANSACTION | |
| control field | 20230123134358.0 |
| 040 ## - CATALOGING SOURCE | |
| Transcribing agency | NUST |
| 100 ## - MAIN ENTRY--PERSONAL NAME | |
| Personal name | International Conference on the Future of Heavy Crude and Tar Sands, |
| Numeration | 1st, |
| Titles and words associated with a name | Edmonton, Alta., |
| Dates associated with a name | 1979. |
| 245 14 - TITLE STATEMENT | |
| Title | The future of heavy crude oils and tar sands : |
| Remainder of title | first international conference, June 4-12, 1979, Edmonton, Alberta, Canada / |
| Statement of responsibility, etc. | sponsored by the United Nations Institute for Training and Research (UNITAR), Alberta (Canada) Oil Sands Technology and Research Authority (AOSTRA), and the United States Department of Energy, in cooperation with the Government of Venezuela ... [et al.] ; R. F. Meyer and C. T. Steele, editors, J. C. Olson, assistant editor. |
| 260 ## - PUBLICATION, DISTRIBUTION, ETC. | |
| Place of publication, distribution, etc. | New York : |
| Name of publisher, distributor, etc. | Mining Informational Services, McGraw-Hill, |
| Date of publication, distribution, etc. | 1981. |
| 300 ## - PHYSICAL DESCRIPTION | |
| Extent | liv, 915 p. : |
| Other physical details | ill. ; |
| Dimensions | 29 cm. |
| 504 ## - BIBLIOGRAPHY, ETC. NOTE | |
| Bibliography, etc. note | Includes bibliographical references. |
| 500 ## - GENERAL NOTE | |
| General note | Includes index. |
| 650 #0 - SUBJECT ADDED ENTRY--TOPICAL TERM | |
| Topical term or geographic name entry element | Petroleum |
| General subdivision | Congresses. |
| 650 #0 - SUBJECT ADDED ENTRY--TOPICAL TERM | |
| Topical term or geographic name entry element | Oil sands |
| General subdivision | Congresses. |
| 700 1# - ADDED ENTRY--PERSONAL NAME | |
| Personal name | Meyer, R. F. |
| 700 1# - ADDED ENTRY--PERSONAL NAME | |
| Personal name | Steele, C. T. |
| 700 1# - ADDED ENTRY--PERSONAL NAME | |
| Personal name | Olson, Jerry Chipman. |
| 710 2# - ADDED ENTRY--CORPORATE NAME | |
| Corporate name or jurisdiction name as entry element | United Nations Institute for Training and Research. |
| 710 2# - ADDED ENTRY--CORPORATE NAME | |
| Corporate name or jurisdiction name as entry element | Alberta Oil Sands Technology and Research Authority. |
| 710 1# - ADDED ENTRY--CORPORATE NAME | |
| Corporate name or jurisdiction name as entry element | United States. |
| Subordinate unit | Dept. of Energy. |
| 907 ## - LOCAL DATA ELEMENT G, LDG (RLIN) | |
| a | .b10231845 |
| b | 21-02-13 |
| c | 15-02-07 |
| 942 ## - ADDED ENTRY ELEMENTS (KOHA) | |
| Koha item type | Ordinary Loan Books |
| Call number prefix | TN870 |
| Call number suffix | FUT |
| Date last seen | Total Checkouts | Full call number | Barcode | Cost, replacement price | Price effective from | Koha item type | Lost status | Source of classification or shelving scheme | Damaged status | Not for loan | Collection | Withdrawn status | Home library | Current library | Shelving location | Date acquired | Cost, normal purchase price |
|---|---|---|---|---|---|---|---|---|---|---|---|---|---|---|---|---|---|
| 01/23/2023 | 2 | TN870 FUT | 92003018953 | 80.00 | 01/23/2023 | BOOKS | LCC | NFIC | MAIN | MAIN | GEN | 01/23/2023 | 80.00 |